Gaming Quiz

Random Gaming or Video Games Quiz

Halo Trilogy Maps Quiz Stats

 Plays Quiz Updated Dec 12, 2019

     
Support Sporcle.
Go Orange.
Score 0/103 Timer 14:00
7 Plays Today
Game Map % Correct
Halo (multiplayer)Blood Gulch
58.1%
Halo 3 (campaign)Halo
56.2%
Halo (campaign)Halo
56.2%
Halo 3 (multiplayer)Valhalla
48.1%
Halo 3 (multiplayer)Sandtrap
43.3%
Halo 3 (multiplayer)Guardian
42.8%
Halo 2 (multiplayer)Lockout
41%
Halo 3 (multiplayer)The Pit
40.6%
Halo (campaign)Pillar of Autumn
39.7%
Halo 3 (multiplayer)Blackout
39.5%
Halo 3 (multiplayer)Sandbox
39.2%
Halo 2 (campaign)The Heretic
38.7%
Halo 3 (multiplayer)Heretic
38.7%
Halo 2 (multiplayer)Coagulation
37%
Halo (campaign)The Library
36.5%
Halo 3 (multiplayer)Foundry
36.5%
Halo 2 (multiplayer)Beaver Creek
36.3%
Halo 3 (multiplayer)Snowbound
36.1%
Halo 3 (campaign)Cortana
35.7%
Halo 2 (multiplayer)Zanzibar
34.8%
Halo (campaign)The Maw
34.8%
Halo 3 (multiplayer)Avalanche
33.8%
Halo 3 (multiplayer)Rat's Nest
33.6%
Halo 3 (multiplayer)High Ground
33.2%
Halo 2 (multiplayer)Midship
33.1%
Halo 3 (multiplayer)Cold Storage
32.8%
Halo 3 (multiplayer)Last Resort
32.5%
Halo (multiplayer)Sidewinder
31.9%
Halo (campaign)The Silent Cartographer
31.9%
Halo (multiplayer)Hang 'Em High
31.9%
Halo (campaign)The Truth and Reconciliation
31.6%
Halo 3 (multiplayer)Narrows
30.6%
Halo (campaign)343 Guilty Spark
30.4%
Halo 3 (campaign)The Ark
30.3%
Halo 3 (multiplayer)Construct
29.6%
Game Map % Correct
Halo 3 (campaign)Sierra 117
29.5%
Halo 3 (campaign)The Covenant
29.4%
Halo (multiplayer)Battle Creek
28.6%
Halo 3 (multiplayer)Standoff
28.3%
Halo 3 (multiplayer)Epitaph
28.1%
Halo 3 (multiplayer)Isolation
28.1%
Halo (campaign)Assault on the Control Room
27.5%
Halo 2 (multiplayer)Ascension
27.3%
Halo (campaign)Keyes
27.1%
Halo 3 (multiplayer)Longshore
26.7%
Halo 3 (multiplayer)Orbital
25.9%
Halo 3 (campaign)Tsavo Highway
25.3%
Halo 3 (campaign)Crow's Nest
25.3%
Halo 3 (multiplayer)Ghost Town
25.2%
Halo 2 (campaign)The Arbiter
24.9%
Halo (campaign)Two Betrayals
24.6%
Halo 2 (campaign)Delta Halo
24.3%
Halo 3 (multiplayer)Assembly
24.2%
Halo (multiplayer)Wizard
23.6%
Halo 3 (campaign)Floodgate
22.7%
Halo 2 (multiplayer)Warlock
22.6%
Halo 3 (multiplayer)Citadel
22.2%
Halo 2 (multiplayer)Ivory Tower
21.6%
Halo (multiplayer)Rat Race
20.9%
Halo 3 (campaign)The Storm
20.9%
Halo 2 (campaign)Gravemind
20.8%
Halo 2 (campaign)Regret
20.5%
Halo 2 (campaign)Cairo Station
20.2%
Halo 2 (campaign)High Charity
19.9%
Halo (multiplayer)Chill Out
19.4%
Halo 2 (campaign)Metropolis
19.2%
Halo 2 (campaign)Outskirts
18.8%
Halo 2 (multiplayer)Turf
18.5%
Halo (multiplayer)Chiron TL-34
17.9%
Halo 2 (campaign)The Great Journey
17.5%
Game Map % Correct
Halo 2 (multiplayer)Sanctuary
17.4%
Halo 2 (multiplayer)Relic
17.4%
Halo (multiplayer)Boarding Action
17.1%
Halo 2 (multiplayer)Headlong
16.8%
Halo 2 (multiplayer)Waterworks
16.7%
Halo (multiplayer)Longest
16.6%
Halo 2 (multiplayer)Elongation
16.3%
Halo (multiplayer)Damnation
15.7%
Halo 2 (multiplayer)Tombstone
15.6%
Halo 2 (multiplayer)Terminal
15.5%
Halo 2 (campaign)The Armory
15.4%
Halo 2 (campaign)The Oracle
15.4%
Halo (multiplayer)Prisoner
15.2%
Halo 2 (multiplayer)Foundation
15.2%
Halo 2 (campaign)Quarantine Zone
14.4%
Halo (multiplayer)Derelict
14%
Halo 2 (multiplayer)Containment
13.7%
Halo 2 (multiplayer)Burial Mounds
13.6%
Halo 2 (campaign)Sacred Icon
13.4%
Halo 2 (multiplayer)Gemini
13.2%
Halo 2 (campaign)Uprising
13%
Halo 2 (multiplayer)Backwash
12.9%
Halo 3 (campaign)Arrival
12.8%
Halo 2 (multiplayer)Colossus
12.7%
Halo 2 (multiplayer)Desolation
11.2%
Halo (multiplayer)Death Island
11%
Halo (multiplayer)Timberland
10.5%
Halo (multiplayer)Infinity
9.6%
Halo (multiplayer)Danger Canyon
8.2%
Halo (multiplayer)Ice Fields
7.9%
Halo (multiplayer)Gephyrophobia
7.8%
Halo 2 (multiplayer)District
7.4%
Halo 2 (multiplayer)Uplift
7.3%

From the Vault

Pixelated NFL Logos

by Chenchilla

Sports 7m
You'll basically have to go off the colors alone here.
Remove Ads.
Support Sporcle.
Get the best of Sporcle when you Go Orange. This ad-free experience offers more features, more stats, and more fun while also helping to support Sporcle. Thank you for becoming a member.

Show Comments

Extras

Top Quizzes Today


Score Distribution

Your Account Isn't Verified!

In order to create a playlist on Sporcle, you need to verify the email address you used during registration. Go to your Sporcle Settings to finish the process.

Report this User

Report this user for behavior that violates our Community Guidelines.

Details: